Uplatnenie postupov green managementu v poisťovníctve
Green management alebo environmentálna zodpovednosť organizácie zameraná na proenvironmentálne správanie spoločnosti. Úloha poisťovní z hľadiska životného prostredia. Uplatňovanie techník green managementu.
Saved in:
| Main Author: | |
|---|---|
| Format: | Book Chapter |
| Language: | Slovak |
| Subjects: | |
| Tags: |
No Tags, Be the first to tag this record!
|
MARC
| LEADER | 00000naa a2200000 4500 | ||
|---|---|---|---|
| 001 | 0127261 | ||
| 005 | 20240502072441.8 | ||
| 041 | 0 | |a slo | |
| 044 | |a SK | ||
| 245 | 1 | 0 | |a Uplatnenie postupov green managementu v poisťovníctve |c Zuzana Brokešová |
| 520 | |a Green management alebo environmentálna zodpovednosť organizácie zameraná na proenvironmentálne správanie spoločnosti. Úloha poisťovní z hľadiska životného prostredia. Uplatňovanie techník green managementu. | ||
| 610 | 2 | 0 | |a poisťovníctvo |
| 610 | 2 | 0 | |a poisťovne |
| 610 | 2 | 0 | |a trh poistný |
| 610 | 2 | 0 | |a typy poistenia |
| 610 | 2 | 0 | |a udalosti poistné |
| 610 | 2 | 0 | |a plnenie poistné |
| 610 | 2 | 0 | |a zodpovednosť spoločenská |
| 610 | 2 | 0 | |a environmentalistika |
| 610 | 2 | 0 | |a manažment environmentálny |
| 100 | 1 | |a Brokešová, Zuzana, 1985- | |